| 000 | 00729nam a2200205 4500 | ||
|---|---|---|---|
| 999 |
_c170468 _d170468 |
||
| 005 | 20191216152956.0 | ||
| 010 | _aENG-127148 | ||
| 020 |
_a9789389552928 _c549.00 |
||
| 035 | _aEN-110680 | ||
| 037 | _bDBAD/PUB | ||
| 082 | _a519.502 | ||
| 100 | _aFreeman, Michael | ||
| 245 |
_aProgramming skills data science : _cby Michael Freeman [and] Joel Ross _bstart writing code to wrangle, analyze, and visualize data with R / |
||
| 260 |
_aNoida _bPearson India Education _c2020 |
||
| 270 |
_a15th Floor, Tower-b, World Trade Tower, Plot No.-1, Block -C, Sector 16 _bNoida _e201301 |
||
| 300 |
_axvi;376p . _c23cm(pbk) |
||
| 500 | _aIncludes index | ||
| 700 | _aRoss, Joel | ||
| 942 |
_2ddc _cEN _h519.5028 _mFRE |
||